|
|
|
|
| LEADER |
00000nam0a2200000 4500 |
| 001 |
93646 |
| 005 |
20231031105302.0 |
| 035 |
|
|
|a (RuTPU)RU\TPU\book\100258
|
| 090 |
|
|
|a 93646
|
| 100 |
|
|
|a 20060330d1967 m y0rusy50 ca
|
| 101 |
0 |
|
|a rus
|
| 102 |
|
|
|a RU
|
| 105 |
|
|
|a a z 001zy
|
| 200 |
1 |
|
|a Воздушно-водоиспарительное охлаждение оборудования
|f О. А. Кремнев, А. Л. Сатановский
|
| 205 |
|
|
|a 2-е изд., перераб. и доп.
|
| 210 |
|
|
|a Москва
|c Машиностроение
|d 1967
|
| 215 |
|
|
|a 239 с.
|c ил.
|e диаграммы
|
| 320 |
|
|
|a Библиогр.: с. 235-237 (76 назв.).
|
| 610 |
1 |
|
|a оборудование
|
| 610 |
1 |
|
|a теплообмен
|
| 610 |
1 |
|
|a испарители
|
| 610 |
1 |
|
|a тепломассообмен
|
| 610 |
1 |
|
|a влага
|
| 610 |
1 |
|
|a газ
|
| 610 |
1 |
|
|a расчет
|
| 675 |
|
|
|a 621
|v 3
|
| 700 |
|
1 |
|a Кремнев
|b О. А.
|g Олег Александрович
|
| 701 |
|
1 |
|a Сатановский
|b А. Л.
|g Абрам Лазаревич
|
| 801 |
|
1 |
|a RU
|b 63413507
|c 20060330
|g PSBO
|
| 801 |
|
2 |
|a RU
|b 63413507
|c 20150519
|g PSBO
|
| 942 |
|
|
|c BK
|